000 00660nam a2200229Ia 4500
003 OSt
005 20220916110951.0
006 a|||||r|||| 00| 0
007 ta
008 Pun
024 _a41,190
037 _cTextbook
040 _bPun
_aARTS
_cARTS
041 _aPun
082 _aV2:2501wN5, 153K8
100 _aਮੁਸਾਫਿਰ, ਗੁਰਮੁਖ ਸਿੰਘ
245 0 _aਵੀਹਵੀ੍ਵ ਸਦੀ ਦੇ Fਹੀਦ
260 _c1968
650 _aਭਾਰਤੀਯ ਇਤਿਹਾਸ
942 _hV2:2501wN5, 153K8
_cTB
_2CC
999 _c102437
_d102437